000 00267nam a2200121Ia 4500
005 20251222144804.0
008 251222s9999||||xx |||||||||||||| ||spa||
082 _a858.72/L44P
100 _aLeopardi, Giacomo
245 0 _aPoesías
264 _bTrento
942 _cLIB
999 _c19857
_d19857